Geometrické tolerance v technické dokumentaci pro strojírenství /

Hlavní autor: Drastík, František, 1938-
Jazyk: Čeština
Vydáno: Praha : Dashöfer, [2016]
Témata:
Fyzický popis: 84 stran : ilustrace ; 30 cm
Knihy
Uloženo v:
LEADER 01465nam a2200433 i 4500
001 nkc20162784569
003 CZ PrNK
005 20160419110523.0
007 ta
008 160318s2016 xr a e f 000 0 cze
015 |a cnb002784569 
020 |a 978-80-87963-28-9  |q (kroužková vazba) 
035 |a (OCoLC)946295803 
040 |a ABA001  |b cze  |e rda 
072 7 |a 621  |x Strojírenství  |2 Konspekt  |9 19 
080 |a 621.8  |2 MRF 
080 |a 62:005.8  |2 MRF 
080 |a 621.71  |2 MRF 
080 |a (035)  |2 MRF 
100 1 |a Drastík, František,  |d 1938-  |7 ntka172292  |4 aut 
245 1 0 |a Geometrické tolerance v technické dokumentaci pro strojírenství /  |c František Drastík 
264 1 |a Praha :  |b Dashöfer,  |c [2016] 
300 |a 84 stran :  |b ilustrace ;  |c 30 cm 
336 |a text  |b txt  |2 rdacontent 
337 |a bez média  |b n  |2 rdamedia 
338 |a svazek  |b nc  |2 rdacarrier 
650 0 7 |a strojní části  |7 ph126142  |2 czenas 
650 0 7 |a technická dokumentace  |7 ph126458  |2 czenas 
650 0 7 |a tolerance rozměrů  |7 ph126677  |2 czenas 
650 0 9 |a machine parts  |2 eczenas 
650 0 9 |a technical documentation  |2 eczenas 
650 0 9 |a dimensional tolerance  |2 eczenas 
655 7 |a příručky  |7 fd133209  |2 czenas 
655 9 |a handbooks and manuals  |2 eczenas 
910 2 |a BOA001  |b 4-1365.325 
990 |a BK 
995 |a 01 
991 |b 201604  |c NOV 
996 6 |b 2610665740  |c 4-1365.325  |l MZK  |r Sklad / do 1 hodiny  |n 7  |p p.v.  |w 001554429  |u 000010  |a 1  |e BOA001  |j MZK50  |s P